01847nam a2200229Ia 4500001000600000003000900006008004100015040001300056040001300069041001500082100002200097100002900119245006000148245015900208250001100367260004500378260004900423300005700472500102900529650002801558650003101586K0401IT-RoPAU130308s9999 xx 000 0 und d aIT-RoPAU cIT-RoPAU aITALIANO  aGangemi Francesco gCodice Aut. SPICS: 60156 aChiesa di S. Paolo alla Rotonda in Reggio Calabria (La) bChiesa di S. Paolo Alla rotonda in Reggio Calabria (La)  a1a ed. bs.e. (senza Editrice o non identificata) c1987 [1° Ed.:1987 - Ed.Ling.Originale:1987] a"158 p. (prefazione: no ; testo: 158 [pagine: 0-0])" a"Arte nella Casa di Dio. Rapporti tra Arte e Fede. Perche' delle Illustrazioni. cenni Storici. Facciata: Pensatori Socrate, Platone, Aristotele, Cicerone, Virgilio, Seneca; Conquistatori Alessandro, Cesare. interno Mosaici: Catino e Pareti Abside; Lesene e Architravi; Cappella a Destra e Sinistra; Pareti sopra Archi; pitture : Annunciazione, Natività, Marie al Sepolcro, Lunettode a Sinistra. sculture Balaustra: Angelo della Fiamma, del Mistero, della Meditazione, dell'Annunzio, sacrificio di Melchisedech, pane di Elia; Moltiplicazione dei Pani; Candelabri di S. Paolo; S. Paolo Tesse Ordito della Fede; S. Paolo Diffonde Vangelo nel Mondo; S. Paolo Plasmatore di Anime; incontro di S. Paolo e Seneca; Crocifisso; Pianto delle Marie; Deposizione. via Crucis del Cristo e via Crucis dell'Uomo: mistero della croce ; radici della croce ; Bronzi della via Crucis. Quattro Stagioni: Primavera, Estate, Autunno, Inverno. Cammino della croce , 14 Stazioni. monumento a S. Paolo. " aSAGGI SULLE ARTI VISIVE eCodice materia Spics: 5011